Topley&Wilson's Microbiology & Microbial Infections ; (Record no. 35854)
[ view plain ]
| 000 -LEADER | |
|---|---|
| fixed length control field | 00665nam a22002057a 4500 |
| 005 - DATE AND TIME OF LATEST TRANSACTION | |
| control field | 20240607090112.0 |
| 008 - FIXED-LENGTH DATA ELEMENTS--GENERAL INFORMATION | |
| fixed length control field | 240606b |||||||| |||| 00| 0 eng d |
| 020 ## - INTERNATIONAL STANDARD BOOK NUMBER | |
| ISBN | 0340885688 |
| 082 ## - DEWEY DECIMAL CLASSIFICATION NUMBER | |
| Classification number | 616.01 |
| Item number | WAK-T |
| 100 ## - MAIN ENTRY--AUTHOR | |
| Author Name | Wakelin Derek Cox. |
| 245 ## - TITLE STATEMENT | |
| Title | Topley&Wilson's Microbiology & Microbial Infections ; |
| Remainder of title | Parasitology |
| Statement of responsibility, etc. | Wakelin Derek Cox, Stephen H. Gillespie, Dickson D Depposmmier |
| 250 ## - EDITION STATEMENT | |
| Edition statement | 10th ed. |
| 260 ## - PUBLICATION, DISTRIBUTION, ETC. | |
| Place of Publication | USA; |
| Name of publisher, distributor, etc. | British Library; |
| Date of publication, distribution, etc. | 1990. |
| 300 ## - PHYSICAL DESCRIPTION | |
| Pages | ix; 889p. |
| 500 ## - GENERAL NOTE | |
| General note | Include index . |
| 650 ## - SUBJECT ADDED ENTRY--TOPICAL TERM | |
| Subject / Department | Medical / Microbiology |
| 700 ## - ADDED ENTRY--PERSONAL NAME | |
| Personal name | Stephen H. Gillespie, |
| 700 ## - ADDED ENTRY--PERSONAL NAME | |
| Personal name | Dickson D Depposmmier |
| 300 ## - PHYSICAL DESCRIPTION | |
| -- | ill; |
| -- | 27 cm. |
| 952 ## - LOCATION AND ITEM INFORMATION (KOHA) | |
| -- | 0 |
| -- | 0 |
| Lost status | Damaged status | Collection code | Permanent Location | Current Location | Shelving Location | Date acquired | Full Call Number | Accession No./Barcode | Date last seen | item type | Koha item type |
|---|---|---|---|---|---|---|---|---|---|---|---|
| Medical | Superior Information Resource Center (SIRC) Superior University- Main Campus | Superior Information Resource Center (SIRC) Superior University- Main Campus | Microbiology | 06/06/2024 | 616.01 WAL-T 2009 | 12705 | 06/06/2024 | BOOK | BOOK |
